| 000 | 00550nam a2200169 a 4500 | ||
|---|---|---|---|
| 001 | 000044060 | ||
| 005 | 20201002045125.0 | ||
| 008 | 140514s1987 dr ac 000 0 spa d | ||
| 040 |
_aDO-SdBNP _bspa _cBNPHU |
||
| 082 |
_axxxx _bxxxx |
||
| 100 | 1 |
_aRovira Viñas, Antonio _972047 |
|
| 245 | 1 | 0 |
_aEnrique Tierno Galván, 1918-1986 / _cAntonio Rovira. |
| 260 |
_aMadrid : _bEditorial Pablo Iglesias, _c1987. |
||
| 300 |
_a27 p. : _bretr. ; _c24 cm. |
||
| 504 | _aBibliografía: p. 26-27 | ||
| 600 | 1 | 4 |
_aTIERNO GALVÁN, ENRIQUE, _d1918-1986 _xBIOGRAFÍAS _972048 |
| 999 |
_c43549 _d43549 |
||